000 00393nam a2200145Ia 4500
003 OSt
005 20240305165625.0
008 170523s9999 xx 000 0 und d
020 _a9788177002966
040 _cIIMT UNIVERSITY MEERUT
100 _aRaghuwanshi- B.S.
245 2 _aA Course in Workshop Technology : Manufacturing Processes
260 _aNew Delhi: Dhanpat Rai
942 _2ddc
_c02
999 _c11649
_d11649